Normal view
MARC view
- Lynn, Paul.A Fuerst, Wolfgang
Entry Personal Name
001 - CONTROL NUMBER
- control field: 57882
003 - CONTROL NUMBER IDENTIFIER
- control field: NUST
005 - DATE AND TIME OF LATEST TRANSACTION
- control field: 20210628202019.0
008 - FIXED-LENGTH DATA ELEMENTS
- fixed length control field: 210628|| aca||aabn | a|a d
040 ## - CATALOGING SOURCE
- Original cataloging agency: NUST
- Transcribing agency: NUST
100 ## - HEADING--PERSONAL NAME
- Personal name: Lynn, Paul.A Fuerst, Wolfgang
670 ## - SOURCE DATA FOUND
- Source citation: Work cat.: (NUST): Lynn, Paul.A Fuerst, Wolfgang, Introductory digital signal processing with computer applications, 2000
